Die schönsten Hochzeitsbräuche

Bibliographic Details
Main Author: Schönfeldt, Sybil grófka 1927- (Author)
Format: Book
Language:German
PhysicalDescription:124 s. fotogr. 27 cm
Published: Berlin Urania c2001
ISBN:3332011871
Series:Freizeit & Familie
Subjects:

MARC

LEADER 00000nam a2200000 a 4500
001 vtls001519768
003 SK-MaSNL
005 20260302073910.0
008 240314s2001 gw o g 000 0 ger
020 |a 3332011871  |q (viaz.) 
035 |a 3EFA86C2-A09C-49F1-9B4D-88DA005A14CD 
035 |a urn:nbn:sk:snk-amlsdy 
035 |a urn:nbn:sk:snk-am00cb4r 
040 |a SNK  |b slo  |c SNK  |e AACR2 
041 0 |a ger 
044 |a gx  |c DE 
072 7 |a 392  |x Zvyky, mravy, obyčaje v súkromnom živote  |2 konspekt 
080 |a 392.51  |2 MDT-MRF 
080 |a (035)  |2 MDT-MRF 
100 1 |a Schönfeldt, Sybil  |c grófka  |d 1927-  |4 aut  |9 527566 
245 1 4 |a Die schönsten Hochzeitsbräuche  |c Sybil Gräfin Schönfeldt 
260 |a Berlin  |b Urania  |c c2001  |e [Martin  |f Neografia] 
300 |a 124 s.  |b fotogr.  |c 27 cm 
490 1 |a Freizeit & Familie 
650 0 7 |a svadba  |2 SNKPH  |9 3497 
650 0 7 |a svadobné zvyky  |2 SNKPH  |9 28054 
655 7 |a príručky  |2 SNKPH  |9 74364 
830 0 |a Freizeit & Familie  |9 638412 
852 |a Slovenská národná knižnica 
919 |a 3-332-01187-1 
958 |a OND 
999 |c 1162786  |d 1164716 
952 |a SNK  |b SNK  |y PREZ  |7 0  |p 17A0460970  |o snkSB 70134  |i snk2005/3935  |8 1  |0 0  |1 0  |4 0  |d 2005-03-15  |f 1  |l 0  |r 2025-04-25 00:00:00  |w 2026-02-24